007030000a2200169000450000500170000000800410001708200160005811000340007424501330010826000400024130000410028165000420032265000530036494200070041795200960042499900130052020240203105249.0230817t ||||| |||| 00| 0 eng d a336.34bINT aInternational Women's Seminar a Beyond the debt crisis : structural transformations : bfinal report, International Women's Seminar, 23-25 April 1990, New York aNew York :bUnited Nations,c[1991] a83 p. ; 22 cmbBibliography included aDebts, External- Developing countries aWomen- Developing countries -Economic conditions cRP 00102ddc4070aMAINbMAINd2023-11-02l0o336.34 INTpRAF1222r2023-11-02w2023-11-02yRP c615d615